| 000 | 01094nam a2200265Ia 4500 | ||
|---|---|---|---|
| 003 | GCL | ||
| 008 | 140319s9999 xx 000 0 ara d | ||
| 020 | _a0 15158597 | ||
| 040 |
_aGCL / _cGCL |
||
| 082 | 0 | 4 |
_aق _b962.16 _bم ف |
| 100 | 1 | _aهيئة الاثار المصرية | |
| 245 | 1 | 0 |
_aالفوائد النفسية الباهرة فى بيان حكم شوراع القاهرة فى مذاهب الائمة الاربعة الزاهرة / _cهيئة الاثار المصرية |
| 700 | 1 | _aامال العمرى | |
| 700 | 1 | _aابو شامة : شهاب الدين ابو القاسم عبدالرحمن بن اسماعيل بن ابراهيم بن عثمان الشافعى | |
| 260 |
_aالقاهرة : _bهيئة الاثار المصرية ، _c1988 |
||
| 300 |
_a58 + 28 ص ؛ _c24 سم |
||
| 490 |
_aسلسلة الثقافة الاثرية والتاريخية _v0 |
||
| 650 | 0 | 4 | _aمصر |
| 650 | 0 | 4 | _aتاريخ |
| 650 | 0 | 4 | _aالاثار الاسلامية |
| 650 | 0 | 4 | _aالمساجد |
| 650 | 0 | 4 | _aالشوارع |
| 650 | 0 | 4 | _aالقاهرة |
| 942 |
_2ddc _cBK |
||
| 999 |
_c53004 _d53004 |
||